| 000 | 00516nam a22002057a 4500 | ||
|---|---|---|---|
| 003 | OSt | ||
| 005 | 20140310182804.0 | ||
| 008 | 130214t xxu||||| |||| 00| 0 eng d | ||
| 020 | _a069725383x | ||
| 050 |
_aQP 34.5 _b.F68 1996 |
||
| 082 |
_a612 _bF79 1996 |
||
| 100 | _aFox, Stuart Ira | ||
| 245 |
_aHuman physiology / _cStuart Ira Fox. |
||
| 260 |
_aBoston : _bMcGraw-Hill, _c1996. |
||
| 300 |
_a704 p. : _c28 cm. |
||
| 521 | _aNUR | ||
| 650 | _aHuman Physiology | ||
| 942 |
_2lcc _cBK _kFOR |
||
| 999 |
_c16036 _d16036 |
||